| 000 | 005730000a22002050004500 | ||
|---|---|---|---|
| 082 | _a338.13 RAN/ES | ||
| 100 |
_aRANGWALA, S C _fAuthor |
||
| 245 | _aESTIMATING, COSTING AND VALUATION : PROFFESSIONAL PRACTICE AND QUANTITY SURVEYING | ||
| 250 | _a13 | ||
| 260 | _aGUJARAT, CHAROTAR PUBLISHING HOUSE | ||
| 260 | _c2011 | ||
| 300 | _apages 738 | ||
| 650 | _aAPPROXIMATE ESTIMATING AND COSTING | ||
| 650 | _aARBITRATION | ||
| 650 | _aCONDITIONS OF CONTRACT | ||
| 650 | _aCONTRACTS AND TRENERS | ||
| 650 | _aSPECIFICATIONS | ||
| 650 | _aVALUATIONS | ||
| 942 | _cBK | ||
| 999 |
_c296210 _d296210 |
||